Southville International School and Colleges
Your cart is empty.
  • Cart
  • Lists
    Public lists Eva Luna New books Lux_list list_1
    Your lists Log in to create your own lists
  • Log in to your account
  • Your cookies
  • Search history
Southville International School and Colleges
  • Advanced search
  • Recent comments
  • Most popular
  • Libraries

Log in to your account

Log in with GOOGLE


If you do not have an external account, but do have a local account, you can still log in:

  1. Home
  2. MARC view: Drawing lessons /
Normal view MARC view ISBD view

Drawing lessons / (Record no. 33780)

[ view plain ]
MARC details
000 -LEADER
fixed length control field 01011cam a2200325 a 4500
001 - CONTROL NUMBER
control field 1685812
003 - CONTROL NUMBER IDENTIFIER
control field OSt
005 - DATE AND TIME OF LATEST TRANSACTION
control field 20140310184338.0
008 - FIXED-LENGTH DATA ELEMENTS--GENERAL INFORMATION
fixed length control field 990428s2000 nyu c 000 1 eng
010 ## - LIBRARY OF CONGRESS CONTROL NUMBER
LC control number 99027254
020 ## - INTERNATIONAL STANDARD BOOK NUMBER
International Standard Book Number 0439112036
040 ## - CATALOGING SOURCE
Original cataloging agency DLC
Transcribing agency DLC
Modifying agency DLC
042 ## - AUTHENTICATION CODE
Authentication code lcac
050 00 - LIBRARY OF CONGRESS CALL NUMBER
Classification number PZ 7
Item number .M18995Dr 2000
100 1# - MAIN ENTRY--PERSONAL NAME
Personal name Mack, Tracy.
9 (RLIN) 24305
245 10 - TITLE STATEMENT
Title Drawing lessons /
Statement of responsibility, etc Tracy Mack.
250 ## - EDITION STATEMENT
Edition statement 1st ed.
260 ## - PUBLICATION, DISTRIBUTION, ETC. (IMPRINT)
Place of publication, distribution, etc New York, NY :
Name of publisher, distributor, etc Scholastic Press,
Date of publication, distribution, etc 2000.
300 ## - PHYSICAL DESCRIPTION
Extent 168 p. ;
Dimensions 19 cm.
521 ## - TARGET AUDIENCE NOTE
Target audience note
526 ## - STUDY PROGRAM INFORMATION NOTE
Reading level 650
650 #1 - SUBJECT ADDED ENTRY--TOPICAL TERM
Topical term or geographic name as entry element Fathers and daughters
Form subdivision Fiction.
9 (RLIN) 24306
650 #1 - SUBJECT ADDED ENTRY--TOPICAL TERM
Topical term or geographic name as entry element Artists
Form subdivision Fiction.
9 (RLIN) 24307
650 #1 - SUBJECT ADDED ENTRY--TOPICAL TERM
Topical term or geographic name as entry element Divorce
Form subdivision Fiction.
9 (RLIN) 24308
906 ## - LOCAL DATA ELEMENT F, LDF (RLIN)
a 7
b cbc
c orignew
d 1
e ocip
f 19
g y-gencatlg
942 ## - ADDED ENTRY ELEMENTS (KOHA)
Source of classification or shelving scheme Library of Congress Classification
Koha item type
Holdings
Withdrawn status Lost status Source of classification or shelving scheme Damaged status Home library Current library Shelving location Date acquired Total Checkouts Full call number Barcode Date last seen Copy number Price effective from Koha item type
    Library of Congress Classification   Luxembourg Library Luxembourg Library Scholastic Reading Center Section 10/07/2013   PZ 7 .M18995Dr 2000 LEX0731 04/18/2017 1 10/07/2013 Books
    Library of Congress Classification   Luxembourg Library Luxembourg Library Scholastic Reading Center Section 10/07/2013   PZ 7 .M153 2000 LEX0732 04/18/2017 2 10/07/2013 Books

Drawing lessons /

APA

Mack T., . (2000). Drawing lessons. New York, NY: Scholastic Press.

Chicago

Mack Tracy, . 2000. Drawing lessons. New York, NY: Scholastic Press.

Harvard

Mack T., . (2000). Drawing lessons. New York, NY: Scholastic Press.

MLA

Mack Tracy, . Drawing lessons. New York, NY: Scholastic Press. 2000.

  • Place hold
  • Print
  • Cite
  • Add to your cart (remove)
  • Save record
    BIBTEX Dublin Core MARCXML MARC (non-Unicode/MARC-8) MARC (Unicode/UTF-8) MARC (Unicode/UTF-8, Standard) MODS (XML) RIS
  • More searches
    Search for this title in:
    Other Libraries (WorldCat) Other Databases (Google Scholar) Online Stores (Bookfinder.com) Open Library (openlibrary.org)

Exporting to Dublin Core...

SOUTHVILLE LIBRARY

Southville International School and Colleges Library

1281 Tropical Ave. Cor. Luxembourg St., BF Homes International, Las Pinas City

Tel. No. 8256374 / 252358 Loc. 117/146

Powered by Koha